000 00648cam a22002294a 4500
020 _a0821362372
040 _cDLC
082 0 0 _a330 WOR 2005 A069 Or.
245 0 0 _aChina's ownership transformation :
_bprocess, outcomes, prospects /
260 _aWashington, DC :
_bWorld Bank,
_c2005.
300 _axvii, 235 p. :
_bill. ;
_c23 cm.
650 0 _aIndustrial policy
650 0 _aPrivatization
650 0 _aFree enterprise
650 0 _aGovernment ownership
650 0 _aGovernment business enterprises
650 0 _aUnemployment
650 0 _aCorporate governance
700 1 _aGarnaut, Ross.
710 2 _aWorld Bank.
942 _cEK
999 _c14646
_d14646